[Event "2nd North Urals Cup"]
[Site "Krasnoturinsk RUS"]
[Date "2004.07.29"]
[Round "6"]
[White "Stefanova,A"]
[Black "Matveeva,S"]
[Result "1-0"]
[WhiteElo "2527"]
[BlackElo "2482"]

1.d4 d5 2.c4 dxc4 3.Nf3 Nf6 4.e3 e6 5.Bxc4 c5 6.O-O a6 7.dxc5 Qxd1 8.Rxd1 Bxc5
9.Be2 Nbd7 10.Nfd2 b6 11.Nb3 Be7 12.f3 Nc5 13.Nd4 Bd7 14.e4 O-O 15.Nc3 Rfc8
16.e5 Ne8 17.f4 Na4 18.Ne4 Ra7 19.Rb1 b5 20.Be3 Rac7 21.Bf3 h6 22.g4 Nc5
23.Kf2 Nxe4+ 24.Bxe4 Bc5 25.f5 Bxd4 26.Rxd4 Bc6 27.Bd3 Bd5 28.Ra1 Rc6 29.g5 hxg5
30.Bxg5 Rc5 31.b4 Rc3 32.a4 Bc4 33.Be4 exf5 34.Bxf5 Be6 35.Bd3 Nc7 36.Bd2 Rc6
37.Rh4 bxa4 38.Rxa4 Rd8 39.Bh7+ Kf8 40.Bg5 Rd1 41.Be4 f6 42.Rh8+ Kf7 43.Bxc6 fxg5
44.Rb8 Rc1 45.Be4 Ke7 46.Ra3 Rc4 47.Bd3 Rh4 48.Rb7 Kd8 49.Bf1 Rxh2+ 50.Kg3 Rh1
51.Bg2 Rc1 52.Rd3+ Kc8 53.Rb6 Bc4 54.Bb7+ Kb8 55.Be4+ Kc8 56.Bf5+  1-0

[Event "Skanska Open"]
[Site "Pardubice CZE"]
[Date "2004.07.31"]
[Round "9"]
[White "Jankovic,A"]
[Black "Vorobiov,E"]
[Result "1-0"]
[WhiteElo "2444"]
[BlackElo "2534"]

1.d4 d5 2.c4 dxc4 3.e3 Nf6 4.Bxc4 e6 5.Nf3 c5 6.O-O a6 7.Bb3 Nc6 8.Qe2 cxd4
9.Rd1 Be7 10.Nc3 O-O 11.Nxd4 Nxd4 12.exd4 Nd5 13.Qf3 Nxc3 14.bxc3 Bd6 15.c4 Rb8
16.c5 Bc7 17.Ba3 b5 18.cxb6 Bd6 19.Bc5 Bb7 20.Qe3 Qe7 21.Rac1 Rfd8 22.a4 a5
23.d5 e5 24.f4 e4 25.Bd4 Qh4 26.Be5 Ba8 27.g3 Qg4 28.Bc3 h5 29.Bxa5 g5 30.fxg5 h4
31.Kg2 hxg3 32.hxg3 Rdc8 33.Be1 Bb7 34.Bf2 Ba6 35.Rxc8+ Rxc8 36.Rd4 Re8 37.Bd1 Qf5
38.Bc2 Bb7 39.Bxe4 Qe5 40.Qf4 Qxd4 41.Bh7+ Kxh7 42.Qxd4 Re5 43.Qh4+ Kg8 44.Bd4  1-0

[Event "Stork YM"]
[Site "Hengelo NED"]
[Date "2004.08.13"]
[Round "7"]
[White "Papa,S"]
[Black "Muhren,B"]
[Result "1/2-1/2"]
[WhiteElo "2397"]
[BlackElo "2282"]

1.d4 d5 2.c4 dxc4 3.e3 e6 4.Bxc4 Nf6 5.Nf3 c5 6.O-O a6 7.Bb3 Nc6 8.Nc3 cxd4
9.exd4 Be7 10.Re1 O-O 11.a3 Na5 12.Bc2 b5 13.d5 exd5 14.Bg5 Bb7 15.Qd3 g6
16.Qd4 Ne4 17.Bxe7 Qxe7 18.Nxd5 Bxd5 19.Qxd5 Nf6 20.Qg5 Qd6 21.a4 Rfc8 22.Rad1 Qb6
23.b4 Rxc2 24.Nd4 h6 25.Qf4 Rc4 26.bxa5 Qd8 27.Qf3 Nh7 28.Ne6 Qe8 29.Nc7 Rxc7
30.Rxe8+ Rxe8 31.axb5 axb5 32.Qd5 b4 33.Qd6 Rb7 34.Qc6 Reb8 35.a6 Ra7 36.Rd7 b3
37.Qd6 Re8 38.Rd8 Rxd8 39.Qxd8+ Nf8 40.Qb6 b2 41.Qxb2 Rxa6 42.h3 Re6 43.Qd4 Kh7
44.Qd8 Kg7 45.Qd4+ Kh7  1/2-1/2

[Event "HZ Open"]
[Site "Vlissingen NED"]
[Date "2004.08.13"]
[Round "8"]
[White "Van den Berg,Hi"]
[Black "Tiggelman,R"]
[Result "1/2-1/2"]
[WhiteElo "2024"]
[BlackElo "2185"]

1.d4 d5 2.c4 dxc4 3.Nf3 Nf6 4.e3 e6 5.Bxc4 c5 6.O-O a6 7.a3 b5 8.Ba2 Bb7
9.Nc3 Be7 10.Qe2 O-O 11.Rd1 Qc7 12.e4 b4 13.e5 bxc3 14.exf6 Bxf6 15.bxc3 Nd7
16.Ng5 Rfe8 17.Qg4 Bd5 18.Bb1 Nf8 19.Ne4 Bxe4 20.Bxe4 Rad8 21.Bg5 Bxg5 22.Qxg5 cxd4
23.cxd4 Rd6 24.Qc5 Qd7 25.Rac1 Rd8 26.Bc6 Qe7 27.h3 h6 28.Qa5 Ng6 29.Bf3 Nf4
30.Rc7 Qf6 31.Ra7 Nxh3+ 32.Kf1 g5 33.Rd2 Nf4 34.Rxa6 Rxd4 35.Rxd4 Rxd4 36.Ra8+ Kg7
37.Kg1 Rd3 38.Qc5 Rd8 39.Rxd8 Qxd8 40.g3 Nd3 41.Qc3+ f6 42.a4 Ne5 43.Be4 Qd1+
44.Kg2 Qxa4 45.Qc7+ Qd7 46.Qc5 Nf7 47.Bf3 Qd6 48.Qa7 f5 49.Bh5 Qc6+ 50.Kh2 Qe8
51.Qb7 Kf8 52.Qc7 Qe7 53.Qc3 Kg8 54.Qc8+ Kg7 55.Qc3+ Qf6 56.Qc7 e5 57.Bxf7 Qxf7
58.Qxe5+ Kh7 59.Qd4 h5 60.Kg2 f4 61.Qe4+ Kh6 62.Qe5 h4 63.Qh8+ Kg6 64.gxh4 g4
65.Qd8 Qf6 66.Qg8+ Kh5  1/2-1/2

[Event "2nd Misr Closed"]
[Site "Ismailia EGY"]
[Date "2004.08.16"]
[Round "1"]
[White "Ivanov,MM"]
[Black "Karpatchev,A"]
[Result "1/2-1/2"]
[WhiteElo "2463"]
[BlackElo "2484"]

1.d4 d5 2.c4 dxc4 3.Nf3 Nf6 4.e3 e6 5.Bxc4 c5 6.O-O a6 7.dxc5 Bxc5 8.Qxd8+ Kxd8
9.Ne5 Ke7 10.Be2 Nbd7 11.Nd3 Bd6 12.Nd2 Nc5 13.Nc4 Nxd3 14.Bxd3 Bc5 15.Rd1 Rd8  1/2-1/2

[Event "Knjaz Milos Jezero Open"]
[Site "Belgrade SCG"]
[Date "2004.08.20"]
[Round "4"]
[White "Abramovic,B"]
[Black "Lundin,J"]
[Result "1-0"]
[WhiteElo "2466"]
[BlackElo "2279"]

1.d4 d5 2.c4 dxc4 3.e3 Nf6 4.Bxc4 e6 5.Nf3 c5 6.O-O a6 7.dxc5 Bxc5 8.b3 O-O
9.Bb2 Be7 10.Nbd2 b5 11.Be2 Nc6 12.a4 Rb8 13.axb5 axb5 14.Qb1 h6 15.Rd1 Nd5
16.e4 Nf4 17.Bf1 Qb6 18.e5 f5 19.exf6 Bxf6 20.Bxf6 Rxf6 21.Ne4 Nh3+ 22.gxh3 Rxf3
23.Rd6 Bb7 24.Qc2 Rc8 25.Bg2 Rf5 26.Qd2 Rd8 27.Rxd8+ Nxd8 28.Qd6 Nc6 29.Qxe6+ Rf7
30.Qe8+  1-0

[Event "54th ch-HUN"]
[Site "Budapest HUN"]
[Date "2004.08.20"]
[Round "2"]
[White "Ruck,R"]
[Black "Acs,P"]
[Result "1-0"]
[WhiteElo "2575"]
[BlackElo "2545"]

1.Nf3 d5 2.d4 Nf6 3.c4 dxc4 4.e3 e6 5.Bxc4 c5 6.O-O a6 7.Bb3 Nc6 8.Qe2 cxd4
9.Rd1 Be7 10.Nc3 O-O 11.Nxd4 Qc7 12.Nxc6 Qxc6 13.e4 b5 14.Bg5 h6 15.Bh4 Bb7
16.Rac1 Qe8 17.Bg3 Nd7 18.a3 Rc8 19.Ba2 Rc6 20.Bf4 Qc8 21.e5 Rd8 22.Qg4 Bf8
23.Qg3 g6 24.h4 Bg7 25.Qe3 Kh7 26.Bb1 Nf8 27.Ne4 Rxc1 28.Rxc1 Qa8 29.h5 Bxe4
30.Bxe4 Qb8 31.g3 Rc8 32.Rxc8 Qxc8 33.Qa7 Kg8 34.Bb7 Qc2 35.Qd4 g5 36.Bd2 Qc7
37.Bxa6 Bxe5 38.Qd3 Bxb2 39.Bxb5 Bc1  1-0

[Event "4th Botvinnik Mem"]
[Site "Satka RUS"]
[Date "2004.09.04"]
[Round "9"]
[White "Chernikov,O"]
[Black "Vasiukov,E"]
[Result "1/2-1/2"]
[WhiteElo "2412"]
[BlackElo "2514"]

1.d4 d5 2.c4 dxc4 3.Nf3 Nf6 4.e3 e6 5.Bxc4 c5 6.dxc5 Qxd1+ 7.Kxd1 Bxc5 8.a3 Ke7
9.Ke2 Nbd7 10.b4 Bd6 11.Nc3 Ne5 12.Nxe5 Bxe5 13.Bd2 Bd7 14.Rac1 Rac8 15.Bd3 Rhd8
16.b5  1/2-1/2

[Event "3rd Autumn"]
[Site "Alushta UKR"]
[Date "2004.09.10"]
[Round "1"]
[White "Shtyrenkov,V"]
[Black "Tishin,D"]
[Result "1/2-1/2"]
[WhiteElo "2465"]
[BlackElo "2372"]

1.d4 d5 2.c4 dxc4 3.Nf3 Nf6 4.e3 e6 5.Bxc4 c5 6.O-O a6 7.dxc5 Bxc5 8.Qxd8+ Kxd8
9.Nbd2 Ke7 10.Be2 Bd7 11.Nb3 Ba7 12.Bd2 Nc6 13.Na5 Rhc8 14.Nxb7 Rcb8 15.Na5 Nxa5
16.Bxa5 Rxb2 17.Bd3 Bb5  1/2-1/2

[Event "TCh-CRO"]
[Site "Rabac CRO"]
[Date "2004.09.12"]
[Round "8"]
[White "Sulava,N"]
[Black "Sermek,D"]
[Result "1/2-1/2"]
[WhiteElo "2482"]
[BlackElo "2547"]

1.d4 d5 2.c4 dxc4 3.e3 e6 4.Bxc4 Nf6 5.Nf3 c5 6.O-O Nc6 7.Nc3 Be7 8.dxc5 Bxc5
9.Qxd8+ Kxd8 10.a3 Ke7 11.b4 Bd6 12.Bb2 a6 13.Rfd1 b5 14.Be2  1/2-1/2

[Event "3rd Autumn"]
[Site "Alushta UKR"]
[Date "2004.09.15"]
[Round "8"]
[White "Nikitin,An"]
[Black "Tishin,D"]
[Result "1/2-1/2"]
[WhiteElo "2452"]
[BlackElo "2372"]

1.d4 d5 2.c4 dxc4 3.Nf3 Nf6 4.e3 e6 5.Bxc4 c5 6.O-O a6 7.dxc5 Bxc5 8.Qxd8+ Kxd8
9.Rd1+ Ke7 10.b3 b5 11.Be2 Bb7 12.Bb2 Nbd7 13.Nbd2  1/2-1/2

[Event "FSGM September"]
[Site "Budapest HUN"]
[Date "2004.09.15"]
[Round "12"]
[White "Berczes,D"]
[Black "Lukin,A"]
[Result "1/2-1/2"]
[WhiteElo "2351"]
[BlackElo "2417"]

1.d4 d5 2.c4 dxc4 3.Nf3 Nf6 4.e3 e6 5.Bxc4 c5 6.O-O a6 7.Bb3 Nc6 8.Nc3 cxd4
9.exd4 Be7 10.Bg5 O-O 11.Qd2 Na5 12.Bc2 b5 13.Rad1 Bb7 14.Qf4 Nh5 15.Qh4 Bxg5
16.Qxh5 h6 17.d5 exd5 18.h4 Bf6 19.Nxd5 Bxb2 20.Rfe1 Bxd5 21.Rxd5 Qf6 22.a4  1/2-1/2

[Event "Tch-FIN 2004-5"]
[Site "Finland FIN"]
[Date "2004.09.18"]
[Round "1"]
[White "Salo,H"]
[Black "Sisatto,O"]
[Result "1-0"]
[WhiteElo "2263"]
[BlackElo "2152"]

1.d4 d5 2.c4 dxc4 3.Nf3 Nf6 4.e3 e6 5.Bxc4 c5 6.O-O a6 7.dxc5 Bxc5 8.Qxd8+ Kxd8
9.b3 Nbd7 10.Bb2 Ke7 11.Nbd2 b6 12.Rac1 Bb7 13.Rfd1 b5 14.Be2 Rhc8 15.Nd4 Bb4
16.Nb1 g6 17.a3 Bd6 18.Bf3 Bxf3 19.gxf3 Rxc1 20.Rxc1 e5 21.Nc6+ Ke6 22.Nd2 Nc5
23.Ba1 Nfd7 24.Kf1 a5 25.Rd1 Ra6 26.Nd8+ Ke7 27.b4 axb4 28.axb4 Kxd8 29.bxc5 Nxc5
30.Bxe5 Bxe5 31.Nc4+ Kc7 32.Nxe5 f6 33.Rc1 Kb6 34.Ng4 f5 35.Nf6 b4 36.Nd5+ Kb5
37.Nc7+ Kb6 38.Nxa6 Nxa6 39.Ke2 Kb5 40.Kd2 Nc5 41.Kc2 b3+ 42.Kc3 b2 43.Rb1 Na4+
44.Kb3 Ka5 45.Rd1 Kb5 46.h4 h6 47.f4 Ka5 48.Rg1 Kb5 49.Kc2 Kb4 50.Rxg6 Ka3
51.Ra6 Ka2 52.Rxa4+  1-0

[Event "3rd Autumn"]
[Site "Alushta UKR"]
[Date "2004.09.19"]
[Round "14"]
[White "Pedersen,Ch"]
[Black "Tishin,D"]
[Result "1/2-1/2"]
[WhiteElo "2357"]
[BlackElo "2372"]

1.Nf3 d5 2.d4 Nf6 3.c4 dxc4 4.e3 e6 5.Bxc4 c5 6.O-O a6 7.a4 Nc6 8.Qe2 cxd4
9.Rd1 Be7 10.exd4 O-O 11.Nc3 Nb4 12.Ne5 Nfd5 13.Qg4 f5 14.Qf3 Bf6 15.Bb3 Qd6
16.Nxd5 Nxd5 17.Ra3 Bxe5 18.dxe5 Qxe5 19.Bxd5 exd5 20.Re3 Qf6 21.Qxd5+ Qf7
22.Qd6 Re8 23.Rxe8+ Qxe8 24.Bg5 h6 25.Bd2 Be6 26.Re1 Kf7 27.Bc3 Qd7 28.Qg3 Rg8
29.h4 Qc6 30.h5 Bd5 31.Qe5 Be6 32.Qg3 Bd5 33.Qe5 Be6 34.a5 Qd5 35.Qg3 g6
36.Re5 Qd1+ 37.Re1 Qd5 38.Qh4 g5 39.Qa4 Rd8 40.Kh2 Qc4 41.Qxc4 Bxc4 42.f3 Be6
43.Kg3 f4+ 44.Kf2 Rd5 45.Re4 Rd1 46.Rb4 Bd5 47.Rd4 Rxd4 48.Bxd4 Bc4 49.Ke1 Bb5
50.Kf2  1/2-1/2

[Event "HUN-GER Match"]
[Site "Budapest HUN"]
[Date "2004.09.19"]
[Round "4"]
[White "Gustafsson,J"]
[Black "Horvath,Cs1"]
[Result "1-0"]
[WhiteElo "2611"]
[BlackElo "2546"]

1.Nf3 d5 2.d4 Nf6 3.c4 dxc4 4.e3 e6 5.Bxc4 c5 6.Qe2 a6 7.dxc5 Bxc5 8.O-O b5
9.Bd3 Nc6 10.Nbd2 Bb7 11.a3 Bd6 12.Rd1 Qc7 13.Ne4 Nxe4 14.Bxe4 f5 15.Bb1 O-O
16.Ba2 Rae8 17.Ng5 Nd8 18.f4 h6 19.Nf3 Kh8 20.Bd2 Qe7 21.Bc3 Nc6 22.Nh4 Qxh4
23.Rxd6 e5 24.Qf2 Qe7 25.Rad1 Ba8 26.Qg3 Nd4 27.R1xd4 exd4 28.Bxd4  1-0

[Event "ch-ISR w"]
[Site "Ramat Aviv ISR"]
[Date "2004.09.22"]
[Round "4"]
[White "Igla,B"]
[Black "Botvinnik,Ir"]
[Result "1/2-1/2"]
[WhiteElo "2209"]
[BlackElo "2239"]

1.d4 d5 2.c4 dxc4 3.Nf3 Nf6 4.e3 e6 5.Bxc4 c5 6.O-O a6 7.Bb3 Nc6 8.Qe2 cxd4
9.Rd1 d3 10.Rxd3 Qc7 11.Nbd2 Be7 12.Nd4 Bd7 13.N2f3 Ne4 14.Nxc6 Bxc6 15.Nd4 O-O
16.Nxc6 Qxc6 17.Bd2 Nxd2  1/2-1/2

[Event "IMB Classic"]
[Site "Gausdal NOR"]
[Date "2004.09.25"]
[Round "4"]
[White "Berry,N"]
[Black "Berg,K"]
[Result "1/2-1/2"]
[WhiteElo "2228"]
[BlackElo "2427"]

1.d4 d5 2.c4 dxc4 3.Nf3 Nf6 4.e3 e6 5.Bxc4 c5 6.O-O a6 7.a4 Nc6 8.Qe2 cxd4
9.Rd1 Be7 10.exd4 O-O 11.Nc3 Nb4 12.Bg5 Bd7 13.Ne5 Rc8 14.d5 exd5 15.Nxd7 Qxd7
16.Bxf6 Bxf6 17.Nxd5 Nxd5 18.Bxd5 Rfe8 19.Qf3 Rc2 20.Bb3 Rd2 21.g3 Rxd1+
22.Rxd1 Qe7 23.Bd5 b6 24.b3 a5 25.Bc4 Rd8 26.Rxd8+ Qxd8 27.Qd5 Qxd5  1/2-1/2

[Event "TCh-BEL 2004-5"]
[Site "Belgium BEL"]
[Date "2004.09.26"]
[Round "2"]
[White "Chuchelov,V"]
[Black "Antoniewski,R"]
[Result "1/2-1/2"]
[WhiteElo "2571"]
[BlackElo "2480"]

1.Nf3 d5 2.d4 Nf6 3.c4 dxc4 4.e3 e6 5.Bxc4 c5 6.O-O a6 7.dxc5 Qxd1 8.Rxd1 Bxc5
9.Be2 Nbd7 10.Nbd2 O-O 11.Nc4 Nd5 12.Bd2 b6 13.Ne1 Bb7 14.Nd3 Be7 15.e4 N5f6
16.f3 Rac8 17.Rac1 Rfd8 18.Be3 Rc6 19.Kf2 Rdc8 20.b3 g5 21.Nde5 Nxe5 22.Nxe5 Rxc1
23.Rxc1 Rxc1 24.Bxc1 h6 25.Be3 b5 26.Bd4 Kf8 27.Ke3 Ke8 28.g3 h5 29.h3 Nd7
30.Nxd7 Kxd7 31.f4 f5 32.exf5 exf5 33.Bxh5 Bg2 34.Bf3 gxf4+ 35.gxf4 Bxh3
36.Ba8  1/2-1/2

[Event "IMB Classic"]
[Site "Gausdal NOR"]
[Date "2004.09.27"]
[Round "6"]
[White "Pedersen,Ch"]
[Black "Berg,K"]
[Result "1/2-1/2"]
[WhiteElo "2357"]
[BlackElo "2427"]

1.Nf3 d5 2.d4 Nf6 3.c4 dxc4 4.e3 e6 5.Bxc4 c5 6.O-O a6 7.a4 Nc6 8.Qe2 cxd4
9.Rd1 Be7 10.exd4 O-O 11.Nc3 Nb4 12.Ne5 b6 13.Qf3 Rb8 14.Qg3 Bb7 15.Bh6 Ne8
16.Rac1 Rc8 17.Bb3 Kh8 18.Be3 Nf6 19.Qh3 Nfd5 20.Nxd5 Bxd5 21.Bd2 Rxc1 22.Bxc1 Kg8
23.Bd2 Bxb3 24.Qxb3 Qd5 25.Qxd5 Nxd5 26.Rc1 Rd8 27.Rc6 Rd6 28.Rc8+ Rd8 29.Rc6 Rd6
30.Rc8+  1/2-1/2

[Event "36th Olympiad w"]
[Site "Calvia ESP"]
[Date "2004.10.16"]
[Round "1"]
[White "Lomineishvili,M"]
[Black "Dedijer,S"]
[Result "1-0"]
[WhiteElo "2429"]
[BlackElo "2064"]

1.d4 d5 2.c4 dxc4 3.Nf3 Nf6 4.e3 e6 5.Bxc4 c5 6.O-O a6 7.Bd3 b5 8.dxc5 Bxc5
9.e4 Nbd7 10.Qe2 Bb7 11.Nbd2 Qc7 12.a4 bxa4 13.Rxa4 a5 14.Nb3 Bb4 15.Bd2 Bc6
16.Rc1 Qb6 17.Rxc6 Qxc6 18.Bb5 Qc8 19.Bxb4 axb4 20.Rxa8 Qxa8 21.e5 Nd5 22.Nc5 Nb6
23.Qd1 Qd5 24.Qxd5 exd5 25.e6 fxe6 26.Nxd7 Nxd7 27.Ne5 Ke7 28.Bxd7 Ra8 29.Bb5 Kd6
30.f4 Kc5 31.Be2 Kd4 32.Kf2 Ra2 33.Nd3 b3 34.g4 g6 35.g5 Ke4 36.h3  1-0

[Event "4th Rohde Open"]
[Site "Sautron FRA"]
[Date "2004.10.27"]
[Round "5"]
[White "Colin,V"]
[Black "Mercier,JL"]
[Result "1-0"]
[WhiteElo "2396"]
[BlackElo "2056"]

1.d4 d5 2.c4 dxc4 3.e3 e6 4.Bxc4 Nf6 5.Nf3 c5 6.O-O Nc6 7.Nc3 a6 8.a3 Be7
9.Qe2 O-O 10.Rd1 Qc7 11.dxc5 Bxc5 12.b4 Bd6 13.Bb2 b5 14.Bxb5 Ne5 15.Bd3 Nxd3
16.Rxd3 Bb7 17.h3 Rad8 18.Rc1 Qb8 19.e4 Nh5 20.Rdd1 Nf4 21.Qe3 Ng6 22.Ne2 Qa8
23.Rd4 Ne5  1-0

[Event "Open"]
[Site "Liberec CZE"]
[Date "2004.10.28"]
[Round "7"]
[White "Bartos,J"]
[Black "Snorek,M"]
[Result "1-0"]
[WhiteElo "2269"]
[BlackElo "2183"]

1.d4 d5 2.c4 dxc4 3.e3 Nf6 4.Bxc4 e6 5.Nf3 c5 6.O-O a6 7.dxc5 Qxd1 8.Rxd1 Bxc5
9.Nbd2 O-O 10.Be2 Be7 11.Nc4 Nbd7 12.b3 Nd5 13.Bb2 Bf6 14.Bxf6 N7xf6 15.Rac1 Rb8
16.Nfe5 Ne4 17.Bf3 Nef6 18.e4 Nb4 19.a3 Nc6 20.Nxc6 bxc6 21.b4 c5 22.bxc5 Bb7
23.Nd6 Bc6 24.e5 Nd5 25.Bxd5 exd5 26.Nf5 Rfe8 27.f4 Rb2 28.Rb1 Rc2 29.Rdc1 Rd2
30.Rb6 Ba4 31.c6 d4 32.c7 Bd7 33.Rb8 Bc8 34.Rxc8  1-0

[Event "TCh-SWE Elitserien 2004-5"]
[Site "Skara SWE"]
[Date "2004.11.06"]
[Round "2"]
[White "Borvander,T"]
[Black "Loven,A"]
[Result "1-0"]
[WhiteElo "2176"]
[BlackElo "2148"]

1.d4 d5 2.c4 dxc4 3.Nf3 Nf6 4.e3 e6 5.Bxc4 c5 6.O-O a6 7.a4 Nc6 8.Qe2 Qc7
9.Nc3 Bd6 10.dxc5 Bxc5 11.e4 Ng4 12.g3 O-O 13.Ba2 e5 14.Nd5 Qd6 15.Kg2 Nd4
16.Nxd4 Bxd4 17.Bg5 Kh8 18.h3 f6 19.Bd2 Nh6 20.Qh5 f5 21.Rac1 a5 22.Bg5 Ng8
23.Nc7 Rb8 24.Nb5 Qb6 25.Bd5 fxe4 26.g4 Bd7 27.Bxe4 g6 28.Qh4 Bc6 29.Rxc6 bxc6
30.Bxg6 Qb7 31.Be4 Qd7 32.Nd6 Rxb2 33.Bf5 Bxf2 34.Rxf2 Rxf2+ 35.Kxf2 Qa7+
36.Kg2 Qg7 37.Ne4 h6 38.Kh2 Rb8 39.Bd2 Rb2 40.Qd8 Ra2 41.Be6 Rb2 42.Kg3 Qh7
43.Bc3 Rg2+ 44.Kxg2 Qxe4+ 45.Kg3 Qe3+ 46.Kh4  1-0

[Event "TCh-SWE Elitserien 2004-5"]
[Site "Skara SWE"]
[Date "2004.11.06"]
[Round "2"]
[White "Eriksson,Mag1"]
[Black "Hjelm,N"]
[Result "1/2-1/2"]
[WhiteElo "2333"]
[BlackElo "2333"]

1.d4 d5 2.c4 dxc4 3.Nf3 Nf6 4.e3 e6 5.Bxc4 c5 6.O-O a6 7.b3 Nbd7 8.Bb2 b6
9.Nbd2 Bb7 10.Be2 Be7 11.dxc5 Nxc5 12.Nc4 Bd5 13.Nd4 b5 14.Ne5 Qc7 15.Nd3 O-O
16.Rc1 Qb6 17.Nxc5 Bxc5 18.Qc2 Rac8 19.Qb1 Rfd8  1/2-1/2

[Event "TCh-BEL 2004-5"]
[Site "Belgium BEL"]
[Date "2004.11.07"]
[Round "3"]
[White "L'Ami,E"]
[Black "Levin,F"]
[Result "1-0"]
[WhiteElo "2516"]
[BlackElo "2498"]

1.Nf3 Nf6 2.d4 d5 3.c4 dxc4 4.e3 e6 5.Bxc4 c5 6.O-O a6 7.dxc5 Qxd1 8.Rxd1 Bxc5
9.Nbd2 Nbd7 10.Be2 b6 11.Nc4 Bb7 12.a3 O-O 13.b4 Be7 14.Bb2 Bd5 15.Nfe5 Nxe5
16.Bxe5 Nd7 17.Bd6 Bxd6 18.Nxd6 f5 19.Rac1 a5 20.Nb5 axb4 21.axb4 Nf6 22.Nc7 Ra4
23.b5 Rb4 24.Nxd5 Nxd5 25.Rc6 Kf7 26.Bc4 Rd8 27.g3 Nxe3 28.Bxe6+ Kf6 29.Bd7+ Kg5
30.fxe3 Rxb5 31.Rcd6 Rb2 32.h4+  1-0

[Event "V Open"]
[Site "Sauzal ESP"]
[Date "2004.11.07"]
[Round "7"]
[White "Castro Acosta,A"]
[Black "Zambrana,O"]
[Result "1/2-1/2"]
[WhiteElo "2138"]
[BlackElo "2473"]

1.d4 d5 2.c4 dxc4 3.Nf3 Nf6 4.e3 e6 5.Bxc4 c5 6.O-O a6 7.dxc5 Bxc5 8.Qxd8+ Kxd8
9.b3 Nbd7 10.Bb2 Ke7 11.Nbd2 b5 12.Be2 Bb7 13.Rac1 Rhc8 14.Rfd1 Ke8 15.Kf1 h6
16.h3 g5 17.Ne5 Nxe5 18.Bxe5 Ke7 19.Bb2 Bb4 20.Nb1 Ne8 21.Nc3 f5 22.a4 bxa4
23.Nxa4 Rxc1 24.Rxc1 Rc8 25.Rxc8 Bxc8 26.Bd4 Bd6 27.Nb6 Bb7 28.Nc4 Bb4 29.Be5 Nf6
30.g4  1/2-1/2

[Event "WYb18"]
[Site "Heraklio GRE"]
[Date "2004.11.11"]
[Round "9"]
[White "Trent,L"]
[Black "Ong,Kez"]
[Result "0-1"]
[WhiteElo "2390"]
[BlackElo "2325"]

1.d4 d5 2.c4 dxc4 3.Nf3 Nf6 4.e3 e6 5.Bxc4 c5 6.O-O a6 7.Bb3 b5 8.a4 b4 9.Nbd2 Bb7
10.Qe2 Nbd7 11.a5 Be7 12.Rd1 O-O 13.Ne5 Qc7 14.Ndf3 Rac8 15.Nxd7 Nxd7 16.Bc4 cxd4
17.Bxa6 Bxa6 18.Qxa6 Ra8 19.Qd3 Rxa5 20.Rxa5 Qxa5 21.Nxd4 Ne5 22.Qe4 Rd8
23.f4 Nc4 24.b3 Nd6 25.Qf3 Nf5 26.Nc6 Rxd1+ 27.Qxd1 Qc7 28.Nxe7+ Nxe7 29.Bb2 f6
30.Qd4 Qc2 31.e4 Qxb3 32.h3 Kf7 33.Kh2 h5 34.h4 Qc2 35.Kg1 Qc7 36.e5 Nd5
37.exf6 gxf6 38.Qe4 f5 39.Qf3 Nxf4 40.g3 Qc5+ 41.Kf1 Qb5+ 42.Kg1 Qc5+ 43.Kf1 Qb5+
44.Kg1 Qb6+ 45.Kh1 Ng6 46.Qxh5 Qc6+ 47.Kg1 Qc5+ 48.Kf1 Qc4+ 49.Kg1 Qc5+ 50.Kf1 Qc4+
51.Kg1 Qg4 52.Qxg4 fxg4 53.Kf2 Ne7 54.Ke3 Nf5+ 55.Kf4 Nd6 56.Kxg4 Nc4 57.Bc1 b3
58.Kf4 b2 59.Bxb2 Nxb2 60.h5 Kf6 61.Ke4 Nc4 62.g4 Nd6+ 63.Kd4 Nf7 64.h6 Kg6
65.g5 Kxg5 66.h7 Kf6  0-1

[Event "XLIII WJun"]
[Site "Kochin IND"]
[Date "2004.11.20"]
[Round "2"]
[White "Perdomo,L"]
[Black "Drozdovskij,Y"]
[Result "1/2-1/2"]
[WhiteElo "2312"]
[BlackElo "2510"]

1.d4 d5 2.c4 dxc4 3.e3 Nf6 4.Bxc4 e6 5.Nf3 c5 6.O-O Nc6 7.Nc3 cxd4 8.exd4 Be7
9.Re1 O-O 10.a3 b6 11.d5 Na5 12.Ba2 exd5 13.b4 Nc4  1/2-1/2

[Event "TCh-ISL 2004-5"]
[Site "Reykjavik ISL"]
[Date "2004.11.20"]
[Round "2"]
[White "Naes,F"]
[Black "Sigurjonsson,J"]
[Result "1-0"]
[WhiteElo "2302"]
[BlackElo "2224"]

1.d4 d5 2.c4 dxc4 3.Nf3 Nf6 4.e3 e6 5.Bxc4 c5 6.O-O a6 7.a4 Nc6 8.Qe2 Qc7
9.Nc3 Be7 10.Rd1 cxd4 11.exd4 O-O 12.Bg5 Rd8 13.Rac1 Nd5 14.Ba2 Bxg5 15.Nxg5 Qe7
16.Nxd5 Qxg5 17.f4 Qh6 18.Nc7 Rb8 19.d5 exd5 20.Rxd5 Rf8 21.Qe4 Be6 22.Nxe6 fxe6
23.Rg5 Rbe8 24.Re1 Qf6 25.Bxe6+ Kh8 26.g3 Qxb2 27.Rh5 Qd4+ 28.Kf1 Qxe4 29.Rxe4 Rd8
30.f5 Rd2 31.Rxh7+  1-0

[Event "ch-CRO"]
[Site "Zagreb CRO"]
[Date "2004.11.25"]
[Round "10"]
[White "Kuljasevic,D"]
[Black "Jankovic,A"]
[Result "1/2-1/2"]
[WhiteElo "2410"]
[BlackElo "2477"]

1.d4 Nf6 2.Nf3 d5 3.c4 dxc4 4.e3 e6 5.Bxc4 c5 6.O-O a6 7.Bb3 Nc6 8.Nc3 b5
9.d5 Nb4 10.dxe6 Bxe6 11.Bxe6 fxe6 12.Ng5 Qxd1 13.Rxd1 Ke7 14.a4 Nc2 15.Rb1 b4
16.Ne2 g6 17.b3 Bh6 18.Nf3 Ne4 19.Bb2 Rhf8 20.Ng3 Nc3 21.Bxc3 bxc3 22.Rdc1 Nxe3
23.fxe3 Bxe3+ 24.Kf1 Bxc1 25.Rxc1 Rad8 26.Ke2 Rd5 27.Rxc3 Rf4 28.Ke3 Rg4
29.Nd2 h5 30.Nde4 Rh4 31.h3 g5 32.Nxc5 g4 33.hxg4 Rxg4 34.Kf3 a5 35.Nce4 Rg8
36.Rc7+ Kd8 37.Rh7 Rd3+ 38.Kf2 Rxb3 39.Rxh5 Rf8+ 40.Kg1 Rf4 41.Nc5 Re3 42.Nge4 Rexe4
43.Nxe4 Rxe4 44.Rxa5 Ke7 45.Kf2 Rb4 46.Ra8 Rb3 47.a5 Ra3 48.a6 Kf6 49.g4 Kg7
50.Ke2 e5 51.g5 e4 52.a7 Kh7 53.Kd2 Kg7 54.g6 e3+ 55.Ke2 Ra2+ 56.Kxe3 Ra3+
57.Kd4 Ra1  1/2-1/2

[Event "TCh-SLO"]
[Site "Celje SLO"]
[Date "2004.12.03"]
[Round "6"]
[White "Krumpacnik,D"]
[Black "Mihalcisin,A"]
[Result "1/2-1/2"]
[WhiteElo "2344"]
[BlackElo "2512"]

1.d4 d5 2.Nf3 Nf6 3.c4 dxc4 4.e3 e6 5.Bxc4 c5 6.O-O a6 7.dxc5 Bxc5 8.a3 O-O
9.b4 Be7 10.Bb2 b6 11.Qe2 Bb7 12.Rd1 Nbd7 13.Nbd2  1/2-1/2

[Event "TCh-SWE Elitserien 2004-5"]
[Site "Stockholm/Eksjo SWE"]
[Date "2004.12.05"]
[Round "5"]
[White "Dzevlan,M"]
[Black "Loven,A"]
[Result "1/2-1/2"]
[WhiteElo "2382"]
[BlackElo "2148"]

1.d4 d5 2.c4 dxc4 3.Nf3 Nf6 4.e3 e6 5.Bxc4 c5 6.O-O a6 7.Qe2 b5 8.Bb3 Nc6
9.Rd1 c4 10.Bc2 Nb4 11.Ne5 Nxc2 12.Qxc2 Bb7 13.b3 cxb3 14.Qxb3 Be7 15.Ba3 O-O
16.f3 Bd5 17.Qb2 Nd7 18.Bxe7 Qxe7 19.Nc3 Nxe5 20.dxe5 Bb7 21.Ne2 Rfd8 22.e4 Qc5+
23.Kf1 b4 24.Rd4 Rxd4 25.Qxd4 Qb5 26.Rc1 a5 27.Rc5  1/2-1/2

[Event "ch-GRE"]
[Site "Athens GRE"]
[Date "2004.12.06"]
[Round "3"]
[White "Mastrovasilis,A"]
[Black "Moutousis,K"]
[Result "1/2-1/2"]
[WhiteElo "2502"]
[BlackElo "2422"]

1.d4 d5 2.Nf3 Nf6 3.c4 dxc4 4.e3 e6 5.Bxc4 c5 6.O-O a6 7.Bb3 b5 8.a4 b4 9.Nbd2 Bb7
10.e4 Be7 11.e5 Nfd7 12.Nc4 O-O 13.Bc2 b3 14.Bxb3 cxd4 15.Qxd4 Nc5 16.Bd1 Nc6
17.Qg4 Qd3 18.Ra3 h5 19.Qf4 Qg6 20.Nd6 Bxd6 21.exd6 Nd3 22.Qe3 Nxc1 23.Qxc1 Nd4
24.Qf4 Nf5 25.g3 Rad8 26.Nh4 Nxh4 27.Qxh4 Rxd6 28.Bxh5 Qc2 29.Qb4 Qc6 30.Bf3 Qb6
31.Qxb6 Rxb6 32.Rb1 Bxf3 33.Rxf3 Rfb8 34.b3 g5 35.Kg2 Kg7 36.Rc3 Kg6 37.h3 a5
38.Re1 Rxb3 39.Rc5 Ra3 40.Rxa5 Rb2 41.Ree5 f6 42.Re1 Raa2 43.Rf1 e5 44.Rb5 Rc2
45.Rb4 Ra3 46.Rfb1 Raa2 47.Rf1 Ra3 48.Rfb1 Raa2 49.Rf1  1/2-1/2

[Event "It Chiburdanidze"]
[Site "Tblisi GEO"]
[Date "2004.12.07"]
[Round "5"]
[White "Khurtsidze,N"]
[Black "Lomineishvili,M"]
[Result "1-0"]
[WhiteElo "2399"]
[BlackElo "2429"]

1.d4 d5 2.Nf3 Nf6 3.c4 dxc4 4.e3 e6 5.Bxc4 c5 6.O-O a6 7.Bb3 b5 8.a4 b4 9.Nbd2 Bb7
10.a5 Nbd7 11.Ba4 Qc7 12.Ne5 Bd6 13.Ndc4 O-O 14.Nxd6 Qxd6 15.Nxd7 Nxd7 16.dxc5 Qxd1
17.Bxd1 Nxc5 18.Bd2 Nd3 19.Be2 Rfd8 20.Bxd3 Rxd3 21.Bxb4 Rad8 22.Rac1 f6
23.Rc7 R8d7 24.Rxd7 Rxd7 25.Rc1 e5 26.f3 Kf7 27.e4 Ke6 28.Rc2 Rd8 29.Kf2 Rd7
30.Rc5 Rd8 31.Rc7 Rd7 32.Rc1 Rd8 33.Ke3 Rd7 34.g4 g6 35.h4 h5 36.gxh5 gxh5
37.Rc4 Rd1 38.Ba3 Rd4 39.Rc3 Kd7 40.Rb3 Kc8 41.Rb6 f5 42.exf5 Rf4 43.f6 Rxf3+
44.Kd2 e4 45.Re6 Rf2+ 46.Ke1 e3 47.Re8+ Kd7 48.Re7+ Kc6 49.f7 Bc8 50.Ra7  1-0

[Event "ch-GRE"]
[Site "Athens GRE"]
[Date "2004.12.08"]
[Round "5"]
[White "Banikas,H"]
[Black "Moutousis,K"]
[Result "1-0"]
[WhiteElo "2538"]
[BlackElo "2422"]

1.d4 d5 2.c4 dxc4 3.e3 Nf6 4.Bxc4 e6 5.Nf3 c5 6.O-O a6 7.Bb3 b5 8.a4 b4 9.Nbd2 Bb7
10.e4 Be7 11.e5 Nfd7 12.Nc4 O-O 13.Bc2 cxd4 14.Qxd4 b3 15.Bxb3 Bxf3 16.gxf3 Nc6
17.Qe3 Qc7 18.f4 Bc5 19.Qe4 Nd4 20.Bd1 Rab8 21.Bd2 Qa7 22.Bc3 f5 23.Qd3 Rfd8
24.b4 Rxb4 25.Bxb4 Bxb4 26.Rb1 a5 27.Nd6 Bxd6 28.exd6 Nf6 29.Bf3 Rxd6 30.Rb7 Qc5
31.Qe3 Nd5 32.Rb8+ Kf7 33.Rb7+ Kg8 34.Rb8+ Kf7 35.Rb7+ Kg8 36.Bh5 g6 37.Qe5  1-0